Experimentos en la enseñanza del Apocalipsis (Registro nro. 60276)
[ vista simple ]
| 000 -LÍDER | |
|---|---|
| Campo fijo de descripción fija | 008450000a22001090004500 |
| 100 1# - ASIENTO PRINCIPAL--NOMBRE PERSONAL | |
| Nombre personal | Stam, Juan |
| 245 10 - TÍTULO | |
| Título del Material | Experimentos en la enseñanza del Apocalipsis |
| 300 ## - DESCRIPCIÓN FÍSICA | |
| Extensión | Vol.59, núm.271 (Julio-Agosto, 2004), Páginas 20-24 |
| 500 ## - NOTA GENERAL | |
| Nota General | Juan Stam es costarricense y está doctorado en teología por la Universidad de Basilea, Suiza. Por muchos años fue profesor del Seminario Bíblico Latinoamericano (Hoy UBL), de la Universidad Nacional Autónoma de Costa Rica y de otras instituciones teológicas en San José. Desde su jubilación ha viajado intensamente por América Latina dando charlas y cursos sobre Biblia y fe en el mundo contemporáneo. Es autor de muchos artículos y varios libros, en especial, el comentario a Apocalipsis de la serie "Comentario Bíblico Iberoamericano" |
| 773 0# - HOST ITEM ENTRY | |
| Title | La Biblia de las Américas |
| 942 ## - TIPO DE MATERIAL (KOHA) | |
| Tipo de Item KOHA | Artículos de Revista |
| Estado de Material | Estado de Perdido | Estado de Dañado | No para Préstamo | Colección | Biblioteca de Origen | Biblioteca Permanente | Fecha de Adquisición | Total de Préstamos | Signatura Topográfica | Última vez visto | Fecha de Remplazo | Tipo de Material |
|---|---|---|---|---|---|---|---|---|---|---|---|---|
| Colección de Hemeroteca | Biblioteca FUSBC | Biblioteca FUSBC | 26/01/2016 | 26/01/2016 | 26/01/2016 | Artículos de Revista |
